Statistics for Top 100 Football Players of the 2010s

Click here to take the quiz!

General Stats

  • This quiz has been taken 1,898 times
  • The average score is 68 of 100

Answer Stats

#PtsCountryPeakPeak YearPlayer% Correct
199617 TimesLionel Messi
100%
298812014/16Cristiano Ronaldo
99%
482332016Luis Suárez
98%
580732015/17Neymar
98%
967212018Luka Modrić
96%
670442011/12Andrés Iniesta
95%
1066862016Gareth Bale
95%
1263452015Robert Lewandowski
95%
3343833 TimesXavi
95%
1163932013Zlatan Ibrahimović
94%
1560872018Eden Hazard
90%
8679112017Sergio Ramos
90%
4833952018/19Mohamed Salah
89%
385292015Sergio Agüero
89%
13622102012Edinson Cavani
88%
2745442017Kevin de Bruyne
87%
1957232014Manuel Neuer
86%
6627732019Sadio Mané
85%
3144452014Thomas Müller
84%
2153282011Gerard Piqué
83%
2054392014Philipp Lahm
82%
4436892016Alexis Sánchez
81%
2546742014Arjen Robben
81%
16578192014Karim Benzema
81%
6228542018Kylian Mbappé
81%
32440142014Ángel Di María
80%
2945142016Antoine Griezmann
80%
7623422010David Villa
80%
3742082016Pierre-Emerick Aubameyang
80%
8419562010Didier Drogba
79%
70255152014James Rodríguez
79%
14616142012Sergio Busquets
79%
1857392017Toni Kroos
79%
3940552017Harry Kane
78%
68266122012Iker Casillas
78%
26457112015Paul Pogba
78%
23502162012Thiago Silva
78%
22513162017Gianluigi Buffon
77%
768372011David Silva
76%
3542662011Wayne Rooney
76%
80222432017Edin Džeko
75%
4038842013Franck Ribéry
74%
93174372017Romelu Lukaku
74%
41377152015Arturo Vidal
73%
7723082010Samuel Eto'o
73%
54321492018Giorgio Chiellini
72%
75240232015David Alaba
71%
28453142016Gonzalo Higuaín
71%
4237372012Robin van Persie
71%
71253252017Christian Eriksen
70%
51332132018Ivan Rakitić
70%
9117622019Virgil van Dijk
70%
3443792012Yaya Touré
70%
99160552012Jordi Alba
69%
57312172014Thibaut Courtois
69%
67276242019Jan Oblak
68%
89178262016Leonardo Bonucci
67%
48339102018N'Golo Kanté
67%
96169362016Jerome Boateng
66%
45364182018Marcelo
65%
17576102011Mesut Özil
65%
56315392014Mats Hummels
64%
5531762012Rafamel Falcao
64%
30446102010Bastian Schweinsteiger
63%
24473242011Dani Alves
63%
97168122018Raphaël Varane
62%
4237382012Andrea Pirlo
61%
53326242016Diego Godín
61%
65280402016/18Hugo Lloris
60%
89178332018Mario Mandzukić
59%
69257502019Miralem Pjanić
59%
62285142017Paulo Dybala
59%
48339232013Marco Reus
58%
61292242014Mario Götze
58%
6030382019Raheem Sterling
58%
38412152012Xabi Alonso
57%
91176372019Joshua Kimmich
55%
81220282017Casemiro
54%
51332252015Javier Mascherano
54%
58311232012Vincent Kompany
53%
85193112019Roberto Firmino
51%
8619052010Wesley Sneijder
51%
36425112011Cesc Fàbregas
50%
47349182015David de Gea
49%
74243162011Nemanja Vidić
48%
88183212019Marc-André ter Stegen
47%
45364172015Carlos Tevez
43%
98165342010John Terry
42%
59306122014Diego Costa
39%
64282242017Philippe Coutinho
39%
83196122017Isco
38%
72249432015Marco Verratti
36%
99160532015/18Blasie Matuidi
35%
95173192016Jamie Vardy
33%
79224152010Ashley Cole
30%
87184362013Oscar
29%
78226302013Juan Mata
25%
72249322018Mauro Icardi
24%
82201382013Daniele De Rossi
22%
93174412016Koke
22%

Score Distribution

Percentile by Number Answered

Percent of People with Each Score

Your Score History

You have not taken this quiz